000 00299nam a22001337a 4500
999 _c54889
_d54889
008 190511b ||||| |||| 00| 0 eng d
020 _a9789951437714
041 _aalb
080 _a070
100 _a0-PR
101 _aMED
245 _aShkathësitë e Shkrimit
_cZejnullahu, S
942 _2udc
_cBK